Normal view
MARC view
Entry Personal Name
001 - CONTROL NUMBER
- control field: 164591
003 - CONTROL NUMBER IDENTIFIER
- control field:
005 - DATE AND TIME OF LATEST TRANSACTION
- control field: 20210601192556.0
008 - FIXED-LENGTH DATA ELEMENTS
- fixed length control field: 210601|| aca||aabn | a|a d
040 ## - CATALOGING SOURCE
- Original cataloging agency:
- Transcribing agency:
100 ## - HEADING--PERSONAL NAME
- Personal name: Vaze, A. G.
670 ## - SOURCE DATA FOUND
- Source citation: Work cat.: (): Gosavi, V. J. 164590, A text book of predegree mathematics /, 1974
